| 000 | 02306cam a22005294i 4500 | ||
|---|---|---|---|
| 003 | PE-LiUPU | ||
| 005 | 20250731165452.0 | ||
| 008 | 150623s r 000 0 d | ||
| 020 | _a0802802559 | ||
| 035 | _a(Sirsi) i9780802802552 | ||
| 040 |
_aPE-LiUPU _bspa _cPE-LiUPU _erda |
||
| 049 | _aPRUA | ||
| 082 | 0 | 4 |
_a221.077 _bF14 _221 |
| 100 | 1 |
_aGerstenberger, Erhard S., _eautor. |
|
| 245 | 1 | 0 |
_aPsalms part I : _bwith an introduction to cultic poetry. _n14 / _cErhard S. Gerstenberger. |
| 264 | 1 |
_aMichigan : _bWilliam B. Eerdmans Publishing Company, _c1991. |
|
| 300 |
_a260 páginas ; _c23 centímetros |
||
| 336 |
_atext _2rdacontent |
||
| 337 |
_aunmediated _2rdamedia |
||
| 338 |
_avolume _2rdacarrier |
||
| 490 | 0 |
_aThe forms of the Old Testament literature ; _v14 |
|
| 505 | 0 | _aIntroduction to Psalms.- The individual unites of book 1 (Psalms 1-41).- The individual unites of book 2 (Psalms 42-60). | |
| 526 | _aSEG44 | ||
| 526 | _aSEG26 | ||
| 526 | _aP151 | ||
| 526 | _aP150 | ||
| 526 | _aP149 | ||
| 526 | _aP146 | ||
| 526 | _aP145 | ||
| 526 | _aP126 | ||
| 526 | _aP125 | ||
| 526 | _aP92 | ||
| 526 | _aP75 | ||
| 526 | _aP74 | ||
| 526 | _aP27 | ||
| 526 | _aP15 | ||
| 630 |
_aBiblia. _pA.T. _pSalmos _xCrítica, interpretación, etc. |
||
| 942 |
_2ddc _cBOOK |
||
| 949 |
_aRC 221.077 F 14 _wDEWEY _c1 _i37570 _d2016-6-26 _e2016-6-22 _lCCODEBUL1 _mBUL _n1 _r0 _sY _tBOOK _u2015-6-24 _xTEOLOGIA _PP35 _0COMPRA _o.CIRCNOTE. No olvidar cambiar la fecha de devolución!!!!!!! _o.STAFF. Colección General |
||
| 949 |
_aRC 221.077 F 14 _wDEWEY _c2 _i44489 _lCCODEBUL1 _mBUL _r0 _sY _tBOOK _u2015-6-24 _xTEOLOGIA _PP35 _0COMPRA _o.CIRCNOTE. No olvidar cambiar la fecha de devolución!!!!!!! _o.STAFF. Colección General |
||
| 994 |
_aC0 _bPEPRU |
||
| 596 | _a1 | ||
| 999 |
_aRC 221.077 F 14 _wDEWEY _c21369 _i37570 _d21369 _e2016-6-22 _f2021-11-8 _g5 _lCCODEBUL1 _mBUL _n1 _q1 _r1 _sY _tBOOK _u2015-6-24 _xTEOLOGIA _PP35 _0COMPRA _o.CIRCNOTE. No olvidar cambiar la fecha de devolución!!!!!!! _o.STAFF. Colección General |
||
| 999 |
_aRC 221.077 F 14 _wDEWEY _c2 _i44489 _f2021-11-9 _g5 _lCCODEBUL1 _mBUL _r0 _sY _tBOOK _u2015-6-24 _xTEOLOGIA _PP35 _0COMPRA _o.CIRCNOTE. No olvidar cambiar la fecha de devolución!!!!!!! _o.STAFF. Colección General |
||
| 980 |
_81 _gALBERTO SANCHEZ Responsable de Automatización |
||